000 00719nam a22002297a 4500
003 OSt
005 20251125140925.0
008 251125b |||||||| |||| 00| 0 eng d
020 _a 978-0-273-77988-9
040 _aDWC-Main lib
_cOC
082 _2tenth edition
_aFil. 330 C267p 2013
100 _aCase, Karl E.
245 _a Principles of the economics :
_bhorizon edition/
_cKarl E. Case
250 _atenth edition
260 _aEngland :
_bPearson education ,
_cc2013.
300 _a813 pages :
_billustrations ;
_c28cm.
504 _aIncludes index and glossary
650 _a1. Economics
700 _aRay C. Fair
700 _aSharon M. Aster
942 _2ddc
_cBK - FIL
_etenth edition
_kFil.
_n0
999 _c6282
_d6282